Puro veneno : (Record no. 195499)

MARC details
000 -LEADER
campo de control de longitud fija 02131nam a22003494c 4500
001 - NÚMERO DE CONTROL
campo de control 195499
003 - IDENTIFICADOR DE NÚMERO DE CONTROL
campo de control SpMaBN
005 - FECHA Y HORA DE LA ÚLTIMA TRANSACCIÓN
campo de control 20250711063127.0
008 - DATOS DE LONGITUD FIJA--INFORMACIÓN GENERAL
campo de control de longitud fija 240619s2023 sp | |||| 000 0 spa
015 ## - NÚMERO DE BIBLIOGRAFÍA NACIONAL
Número de bibliografía nacional MON23
017 ## - NÚMERO DE COPYRIGHT O DE DEPÓSITO LEGAL
Número de copyright o de depósito legal M 3439-2023
Agencia que asigna Oficina Depósito Legal Madrid
020 ## - NÚMERO INTERNACIONAL ESTÁNDAR DEL LIBRO
Número Internacional Estándar del Libro 9788413845500
040 ## - FUENTE DE CATALOGACIÓN
Centro catalogador/agencia de origen SpMaBN
Lengua de catalogación spa
Centro/agencia transcriptor SpMaBN
Normas de descripción rda
Centro/agencia modificador ES-MaACL
100 ## - ENTRADA PRINCIPAL--NOMBRE DE PERSONA
Nombre de persona Pelta Fernández, Roberto
9 (RLIN) 237095
Término indicativo de función/relación Autor
245 1# - MENCIÓN DEL TÍTULO
Título Puro veneno :
Resto del título tóxicos, ponzoñas y otras maneras de matar /
Mención de responsabilidad, etc. Roberto Pelta Fernández
250 ## - MENCION DE EDICION
Mención de edición Primera Edición: marzo 2023
260 ## - PUBLICACIÓN, DISTRIBUCIÓN, ETC.
Lugar de publicación, distribución, etc. Madrid :
Nombre del editor, distribuidor, etc. La Esfera de los Libros,
Fecha de publicación, distribución, etc. 2023.
264 #1 - PRODUCCIÓN, PUBLICACIÓN, DISTRIBUCIÓN, FABRICACIÓN Y COPYRIGHT
Nombre del de productor, editor, distribuidor, fabricante La Esfera de los Libros,
Fecha de producción, publicación, distribución, fabricación o copyright 2023
300 ## - DESCRIPCIÓN FÍSICA
Extensión 383 páginas ;
Dimensiones 24 cm
336 ## - TIPO DE CONTENIDO
Término de tipo de contenido Texto
Fuente rdacontent
337 ## - TIPO DE MEDIO
Nombre/término del tipo de medio sin mediación
Fuente rdamedia
338 ## - TIPO DE SOPORTE
Nombre/término del tipo de soporte volumen
Fuente rdacarrier
520 ## - RESUMEN, ETC.
Sumario, etc. Tiene en sus manos un libro inquietante. En él se guarda gran parte del conocimiento acumulado a lo largo de la historia sobre las sustancias más letales obtenidas de la naturaleza o en el laboratorio.<br/><br/>Un compendio detallado de maneras de matar, con discreción a veces; de forma indiscriminada y masiva otras; causando dolor y un terrible sufrimiento siempre. Hay muchos ejemplos en la historia que demuestran el uso que mentes criminales han dado a los venenos. Desde conseguir un reino hasta lograr una herencia; por venganza o desamor, poder o celos. Algunos de ellos, los más siniestros, se traen a estas páginas. Si las abre, sepa que se adentrará en un mundo perturbador.<br/><br/>Está advertido.
852 ## - LOCALIZACIÓN
Ubicación ES-MaACL
Ubicación en estantería Depósito J
Número de control de estantería N-10025
Anotaciones manuscritas Dedicatoria autógrafa del autor
Donativo/Legado Donación: Roberto Pelta Fernández
Encuadernación Encuadernación rústica con solapas
itemnumber 206172
903 ## - NOMBRE PERSONAL DE DONANTE
9 237095
a Pelta Fernández, Roberto
e Donante
942 ## - ELEMENTOS DE ENTRADA SECUNDARIOS (KOHA)
Tipo de ítem Koha Libro impreso
Suprimir en OPAC No
Holdings
Estatus retirado Estado de pérdida Fuente del sistema de clasificación o colocación Estado de daño No para préstamo Colección Biblioteca de origen Biblioteca actual Ubicación en estantería Fecha de adquisición Fuente de adquisición Total de préstamos Signatura topográfica completa Código de barras Visto por última vez Precio de reemplazo Tipo de ítem Koha
    Clasificación decimal universal     Libros con dedicatorias Biblioteca del Ateneo de Madrid Biblioteca del Ateneo de Madrid Depósito J 08/07/2025 Donación   N-10025 2025-0563 08/07/2025 08/07/2025 Libro impreso